| 000 | 00805cam a2200229 4500 | ||
|---|---|---|---|
| 001 | ABS61495 | ||
| 008 | 000000n1999 000 0 eng u | ||
| 035 | _a(Sirsi) u102128 | ||
| 100 | _aPearson, A. | ||
| 245 | _aSwell job | ||
| 260 | _c1999 | ||
| 490 |
_aBuilding _v264(8111) 5 November 1999, 54-55(2) |
||
| 520 | _aExplains a new system for rehydrating ground around buildings affected by subsidence, thus causing the ground to swell and allowing repairs to be carried out to stop the problem recurring. Considers the technique's applications for historic buildings. | ||
| 590 | _aABS | ||
| 650 | _aSUBSIDENCE | ||
| 650 | _aREHYDRATION | ||
| 650 | _aWATER LEVELS | ||
| 650 | _aUNDERPINNING | ||
| 650 | _aHISTORIC BUILDINGS | ||
| 690 | _aBUILT ENVIRONMENT-BUILDING PATHOLOGY | ||
| 942 | _n0 | ||
| 999 |
_c61219 _d61219 |
||